Developing a construction procurement strategy and selecting an appropriate route (Record no. 121998)

MARC details
000 -LEADER
fixed length control field 01763nam a22002535a 4500
008 - FIXED-LENGTH DATA ELEMENTS--GENERAL INFORMATION
fixed length control field 240916t2024 xxk f 000 0 eng d
020 ## - INTERNATIONAL STANDARD BOOK NUMBER
International Standard Book Number 9781783215362
041 0# - LANGUAGE CODE
Language code of text/sound track or separate title eng
110 2# - MAIN ENTRY--CORPORATE NAME
Corporate name or jurisdiction name as entry element Royal Institution of Chartered Surveyors
9 (RLIN) 4900
245 00 - TITLE STATEMENT
Title Developing a construction procurement strategy and selecting an appropriate route
250 ## - EDITION STATEMENT
Edition statement 2nd
260 ## - PUBLICATION, DISTRIBUTION, ETC.
Place of publication, distribution, etc. London,
Name of publisher, distributor, etc. RICS,
Date of publication, distribution, etc. August 2024
300 ## - PHYSICAL DESCRIPTION
Extent 46p.
490 #0 - SERIES STATEMENT
Series statement RICS Practice Information
490 #0 - SERIES STATEMENT
Series statement RICS Black Book
520 ## - SUMMARY, ETC.
Summary, etc. Replaces 1st edition, ISBN 9781783210213
520 ## - SUMMARY, ETC.
Summary, etc. Originally published as a guidance note in 2013 this document has been rewritten as practice information, so as to account for changes in legislation, case law and construction contracts introduced since 2013.<br/><br/>This practice information covers construction procurement routes and the development of a procurement strategy, and explains procurement strategy and routes. The strategy will relate to the decisions affecting the selection of the team(s) and how they relate to each other; the route selected will identify who is responsible for each element of the project. The guidance aims to help the professional choose an appropriate route by setting out the various possibilities, with their advantages and disadvantages, and by indicating the factors that should be used in the decision-making process.
650 ## - SUBJECT ADDED ENTRY--TOPICAL TERM
Topical term or geographic name entry element PROCUREMENT
651 #4 - SUBJECT ADDED ENTRY--GEOGRAPHIC NAME
Geographic name UNITED KINGDOM
690 ## - LOCAL SUBJECT ADDED ENTRY--TOPICAL TERM (OCLC, RLIN)
Topical term or geographic name as entry element Construction management
9 (RLIN) 6230
700 ## - ADDED ENTRY--PERSONAL NAME
Personal name Morledge, Roy
856 ## - ELECTRONIC LOCATION AND ACCESS
Uniform Resource Identifier <a href="https://www.rics.org/profession-standards/rics-standards-and-guidance/sector-standards/construction-standards/black-book/developing-a-construction-procurement-strategy-and-selecting-an-appropriate-route">https://www.rics.org/profession-standards/rics-standards-and-guidance/sector-standards/construction-standards/black-book/developing-a-construction-procurement-strategy-and-selecting-an-appropriate-route</a>
Public note Available on RICS.org
942 ## - ADDED ENTRY ELEMENTS (KOHA)
Suppress in OPAC 0
Source of classification or shelving scheme Dewey Decimal Classification
Holdings
Withdrawn status Lost status Damaged status Not for loan Home library Current library Shelving location Date acquired Total Checkouts Date last seen Price effective from Koha item type
        Virtual Virtual Online 16/09/2024   16/09/2024 16/09/2024 Online material